000
00259nam a22001217a 4500
003
OSt
008
150215b xxu||||| |||| 00| 0 eng d
100
1
_a
Baxter,James H.,ED
041
_a
eng
245
1
0
_a
Postage Stamp Design
260
_b
C.1973
300
_a
0 pages
999
_c
642
_d
642